Cyclisme : les vainqueurs du Tour des Flandres (1913-2023) - Statistiques

Statistiques générales
  • Ce quiz a été pris 203 fois
  • Le résultat moyen est 29 sur 107
Statistiques - réponses
Années Pays Vainqueurs % Correct
2023 Slovénie Tadej Pogačar
99%
1986 Pays-Bas Adri Van der Poel
97%
2020 | 2022 Pays-Bas Mathieu Van der Poel
97%
2010 | 2013 | 2014 Suisse Fabian Cancellara
93%
2005 | 2006 | 2012 Belgique Tom Boonen
91%
2016 Slovaquie Peter Sagan
88%
1969 | 1975 Belgique Eddy Merckx
81%
2017 Belgique Philippe Gilbert
76%
2021 Danemark Kasper Asgreen
72%
2019 Italie Alberto Bettiol
67%
2015 Norvège Alexander Kristoff
58%
2018 Pays-Bas Niki Terpstra
52%
1977 Belgique Roger De Vlaeminck
50%
1974 Pays-Bas Cees Bal
49%
1992 France Jacky Durand
49%
1993 | 1995 | 1998 Belgique Johan Museeuw
44%
1959 | 1962 Belgique Rik Van Looy
43%
1955 France Louison Bobet
39%
1999 | 2003 Belgique Peter Van Petegem
33%
2007 Italie Alessandro Ballan
32%
2002 Italie Andrea Tafi
31%
2000 Indéterminé Andreï Tchmil
29%
1979 | 1983 Pays-Bas Jan Raas
28%
2008 | 2009 Belgique Stijn Devolder
26%
1961 Royaume-Uni Tom Simpson
26%
1981 Pays-Bas Hennie Kuiper
24%
1996 Italie Michele Bartoli
24%
1944 | 1946 Belgique Rik Van Steenbergen
24%
2011 Belgique Nick Nuyens
23%
1964 Allemagne Rudi Altig
23%
1994 Italie Gianni Bugno
21%
1982 Belgique René Martens
21%
1987 Belgique Claude Criquielion
20%
1968 | 1978 Belgique Walter Godefroot
19%
1988 Belgique Eddy Planckaert
18%
2001 Italie Gianluca Bortolami
18%
1990 Italie Moreno Argentin
18%
1976 Belgique Walter Planckaert
18%
1997 Danemark Rolf Sörensen
17%
1949 | 1950 | 1951 Italie Fiorenzo Magni
15%
2004 Allemagne Steffen Wesemann
15%
1985 Belgique Eric Vanderaerden
14%
1989 | 1991 Belgique Edwig Van Hooydonck
13%
1956 France Jean Forestier
13%
1963 Belgique Noël Foré
13%
1940 | 1941 | 1943 Belgique Achiel Buysse
12%
1914 Belgique Marcel Buysse
12%
1980 Belgique Michel Pollentier
11%
1970 | 1972 | 1973 Belgique Eric Leman
10%
1957 Belgique Fred De Bruyne
10%
1954 Belgique Raymond Impanis
10%
1942 | 1948 Belgique Briek Schotte
8%
1958 Belgique Germain Derycke
7%
1923 Suisse Heiri Suter
7%
1967 Italie Dino Zandegù
6%
1971 Pays-Bas Evert Dolman
6%
1934 Belgique Gaston Rebry
6%
1931 | 1932 Belgique Romain Gijssels
6%
1966 Belgique Ward Sels
6%
1965 Pays-Bas Jo de Roo
5%
1939 Belgique Karel Kaers
5%
1913 Belgique Paul Deman
5%
1984 Pays-Bas Johan Lammerts
4%
1920 Belgique Jules Van Hevel
4%
1960 Belgique Arthur Decabooter
3%
1947 Belgique Emiel Faignaert
3%
1928 Belgique Jan Mertens
3%
1925 Belgique Julien Delbecque
3%
1921 Belgique René Vermandel
3%
1953 Pays-Bas Wim van Est
3%
1922 Belgique Leon Devos
2%
1952 Belgique Roger Decock
2%
1945 Belgique Sylvain Grysolle
2%
1933 Belgique Alfons Schepers
1%
1926 Belgique Denis Verschueren
1%
1938 Belgique Edgard De Caluwé
1%
1930 Belgique Frans Bonduel
1%
1924 | 1927 Belgique Gérard Debaets
1%
1919 Belgique Henri Van Lerberghe
1%
1929 Belgique Joseph Dervaes
1%
1935 Belgique Louis Duerloo
1%
1936 Belgique Louis Hardiquest
1%
1937 Belgique Michel D'Hooghe
1%
Aucun quiz correspondant
Distribution des résultats
% des personnes avec chaque résultat
Percentile par nombre de réponses
Votre historique - résultats
Vous n’avez pas pris ce quiz